50 najpopularniejszych youtuberów w Polsce - Statystyki

Ogólne statystyki
  • Ten quiz został rozwiązany 50 razy
  • Średni wynik to 10 z 50
Statystyki odpowiedzi
Numer Youtuber % Poprawnych
5 Karol Friz Wiśniewski
97%
4 Blowek
89%
6 reZigiusz
71%
15 WERSOW
66%
9 SA Wardega
60%
26 Ekipa
46%
31 Gimper
46%
8 Naruciak
46%
49 Mandzio
40%
43 Tromba
40%
12 IsAmU
29%
42 Książulo
26%
30 Young Multi & YFL
26%
11 AbstrachujeTV
23%
10 SBM
23%
16 Kaluch
20%
2 Mamiko
20%
7 Step Records
20%
17 Vito Minecraft
20%
27 5 sposobów na....
14%
50 BOXDEL
14%
13 Planeta Faktów
14%
20 Sitr0x
14%
1 Dharni
11%
25 Karolek
11%
21 TheNitroZyniak
11%
19 tvnpl
11%
32 Wojan
11%
35 Dizowskyy
9%
24 GPlay: Minecraft Jest Nasz
9%
39 Jacob
9%
28 Kamerzysta
9%
18 SPInkafilmstudio
9%
22 Admiros
6%
14 Baby Dinosaurs - Excavators
6%
33 izak LIVE
6%
36 Jasna Strona
6%
45 Palion
6%
23 ResinWoodArt - jedrek29t
6%
29 SmileSlow
6%
3 Twins Style
6%
46 Waksy
6%
40 DeeJayPallaside
3%
38 Enduro KeX
3%
48 Historia bez cenzury
3%
37 Baby's Adventure
0%
44 BORCREW OFFICAL
0%
47 Bracia Malczyńscy
0%
34 KaliGanjaMafia
0%
41 LoreChirik
0%
Nie znaleziono quizów pasujących do podanych kryteriów
Rozkład punktacji
Procent ludzi z każdym wynikiem
Percentyl według liczby udzielonych odpowiedzi
Twoja historia wyników
Nie rozwiązałeś tego quizu